| 000 | 00897cam a2200301 4500 | ||
|---|---|---|---|
| 008 | 1997 | ||
| 020 | _a0854068384 | ||
| 035 | _a(Sirsi) u81532 | ||
| 041 | _aeng | ||
| 050 |
_a658.91 _c18 |
||
| 110 |
_aRoyal Institution of Chartered Surveyors _94900 |
||
| 245 |
_aPractice management guidelines _bkey questions for the leaders and managers of modern professional practices |
||
| 260 |
_aLondon _bRICS _c1997 |
||
| 300 |
_a44p. _c30cm. |
||
| 350 | _a9.50 | ||
| 490 | _aRICS Guidance Note | ||
| 520 | _aSuperseded by second edition (1842191365) | ||
| 650 | _aBENCHMARKING | ||
| 650 | _aCLIENT NEEDS | ||
| 650 | _aMARKETING | ||
| 650 | _aPRACTICE MANAGEMENT | ||
| 650 | _aSURVEYING FIRMS | ||
| 690 | _aMANAGEMENT-BUSINESS MANAGEMENT-PROFESSIONAL PRACTICE | ||
| 700 | _aKennie, Tom | ||
| 700 | _aPrice, If | ||
| 942 | _n0 | ||
| 948 | _c17/10/1997 | ||
| 999 |
_c96727 _d96727 |
||